Programmer computer learning 2 : (Record no. 1583)
[ view plain ]
| 000 -LEADER | |
|---|---|
| fixed length control field | 00666nam a22001937a 4500 |
| 005 - DATE AND TIME OF LATEST TRANSACTION | |
| control field | 20230512221232.0 |
| 008 - FIXED-LENGTH DATA ELEMENTS--GENERAL INFORMATION | |
| fixed length control field | 180207t xxu||||| |||| 00| 0 eng d |
| 020 ## - INTERNATIONAL STANDARD BOOK NUMBER | |
| International Standard Book Number | 9710856065 |
| 040 ## - CATALOGING SOURCE | |
| Transcribing agency | CSPC |
| 082 0# - DEWEY DECIMAL CLASSIFICATION NUMBER | |
| Classification number | 004 |
| Item number | H224p |
| 100 ## - MAIN ENTRY--PERSONAL NAME | |
| Personal name | Harina, Ricardo M., |
| Relator term | author. |
| 245 00 - TITLE STATEMENT | |
| Title | Programmer computer learning 2 : |
| Remainder of title | word perfect 5.0, quattro pro, fox base + 2.10 / |
| Statement of responsibility, etc. | Ricardo M. Harina |
| 260 ## - PUBLICATION, DISTRIBUTION, ETC. | |
| Place of publication, distribution, etc. | s.l. |
| Name of publisher, distributor, etc. | National Book Store. |
| Date of publication, distribution, etc. | 1993. |
| 300 ## - PHYSICAL DESCRIPTION | |
| Extent | ix, 302 pages : |
| Other physical details | tables, charts ; |
| Dimensions | 25 cm. |
| 650 10 - SUBJECT ADDED ENTRY--TOPICAL TERM | |
| Topical term or geographic name entry element | Computers |
| General subdivision | Study and teaching. |
| 942 ## - ADDED ENTRY ELEMENTS (KOHA) | |
| Koha item type | |
| -- | FIL 004 H224p 1993 |
| Withdrawn status | Lost status | Damaged status | Not for loan | Home library | Current library | Shelving location | Date acquired | Total Checkouts | Full call number | Barcode | Date last seen | Copy number | Price effective from | Koha item type |
|---|---|---|---|---|---|---|---|---|---|---|---|---|---|---|
| Main Library | Main Library | Filipiniana Section | 05/12/2023 | FIL 004 H224p 1993 | 005909 | 05/12/2023 | 1-1 | 05/12/2023 | Books | |||||
| Main Library | Main Library | Filipiniana Section | 05/12/2023 | FIL 004 H224p 1993 | 005910 | 05/12/2023 | 2-2 | 05/12/2023 | Books |